| 000 | 00947nam0a22002651 4500 | ||
|---|---|---|---|
| 001 | rc\297426 | ||
| 005 | 20250621024147.0 | ||
| 010 |
_a5-250-00872-0 _950000 |
||
| 035 | _a(NLR Aleph) 005529911 | ||
| 090 |
_a5598276 _c5598276 |
||
| 100 | _a20030307d1990 |||y0rusy50 ca | ||
| 101 | 0 | _arus | |
| 102 | _aRU | ||
| 105 | _ay ||||||||| | ||
| 200 | 1 |
_aВыходим на мировой рынок _eВопр. и ответы _eСов. предприятия в междунар. бизнесе |
|
| 210 |
_aМ. _cПолитиздат _d1990 |
||
| 215 |
_a271, [1] с. _d17 |
||
| 300 | _aПеред вып. дан. 1-й авт.: Енгибаров Альберт Вагранович | ||
| 700 | 1 |
_aЕнгибаров _bА.В. _gАльберт Ваграмович |
|
| 701 | 1 |
_aШибаев _bС.В. _gСергей Викторович |
|
| 801 | 0 |
_aRU _bNLR _gpsbo |
|
| 801 | 1 |
_aRU _bELAR _2rusmarc |
|
| 852 |
_aNLR _j90-2/2456 |
||
| 942 | _cBOOK | ||
| 980 | _aNB | ||